logo

Bir Sreshtho Munshi Abdur Rouf Library
Jhenaidah Cadet College

The Forest is my Kingdom / (Record no. 4032)

MARC details
000 -LEADER
fixed length control field 00554nam a2200217 a 4500
001 - CONTROL NUMBER
JCCL Control Number 4032
003 - CONTROL NUMBER IDENTIFIER
JCCL marc code BD-JhCC
005 - DATE AND TIME OF LATEST TRANSACTION
control field 20171122091057.0
008 - FIXED-LENGTH DATA ELEMENTS--GENERAL INFORMATION
fixed length control field 171122s19521958e |||| |||a 000 0 eng d
035 ## - SYSTEM CONTROL NUMBER
system control number (BD-JhCC)4032
040 ## - CATALOGING SOURCE
Original cataloging agency BD-JhCC
Modifying agency BD-JhCC
041 ## - LANGUAGE CODE
Language code of Book eng
082 ## - DEWEY DECIMAL CLASSIFICATION NUMBER
Classification number 833.914
Author mark and Year CAR 1958
100 ## - MAIN ENTRY--PERSONAL NAME
Personal name Carruthers, Janet
245 ## - TITLE STATEMENT
Title The Forest is my Kingdom /
Statement of responsibility, etc JanetCarruthers,
260 ## - PUBLICATION, DISTRIBUTION, ETC. (IMPRINT)
Place of publication, distribution, etc London :
Name of publisher, distributor, etc Oxford University Press,
Date of publication, distribution, etc 1958
300 ## - PHYSICAL DESCRIPTION
Pagination 231 p. :
Dimensions 20 cm.
650 ## - SUBJECT ADDED ENTRY--TOPICAL TERM
Topical term or geographic name as entry element English Stories
942 ## - ADDED ENTRY ELEMENTS (KOHA)
Source of classification or shelving scheme Dewey Decimal Classification
Koha item type Books

No items available.


JCC Library | Contacts | JCC Home

Last Update on 23 September 2017
Copyright @ 2017-2020 JCC Rouf Library
Rouf Library, Jhenidah Cadet College (JCC), Bangladesh